[Event "DSOL 04 Liga Gr-B 1st"]
[Site "Playchess.com INT"]
[Date "2020.08.10"]
[Round "2.1"]
[White "Simons, Peter"]
[Black "Schmidt, Alexander"]
[Result "1/2-1/2"]
[WhiteElo "2063"]
[BlackElo "1892"]
[PlyCount "103"]
[EventDate "2020.06.22"]
[EventType "team-tourn (rapid)"]
[EventCountry "GER"]
[SourceTitle "EXT 2021"]
[Source "ChessBase"]
[SourceDate "2020.10.23"]
[SourceVersion "1"]
[SourceVersionDate "2020.10.23"]
[SourceQuality "1"]
[WhiteTeam "Rheinbacher SF"]
[BlackTeam "Aachen Tigerli"]
[WhiteTeamCountry "GER"]
[BlackTeamCountry "GER"]

1. d4 Nf6 2. Bg5 d6 3. Nc3 c6 4. e4 Nbd7 5. Nf3 Qa5 6. Bd3 e5 7. Qd2 Be7 8. 0-0 h6 9. Be3 Ng4 10. Nd1 Qxd2 11. Bxd2 exd4 12. Nxd4 Nc5 13. f3 Bf6 14. Bc3 Ne5 15. Be2 Na4 16. Be1 Ng6 17. c3 Nf4 18. Bc4 b5 19. Bb3 Bd7 20. Bg3 Be5 21. Bxa4 bxa4 22. Ne3 Rb8 23. Rab1 Ke7 24. Rf2 Bxd4 25. cxd4 Nh5 26. Rc1 Nxg3 27. hxg3 Rb4 28. Rd2 Rhb8 29. Nd1 d5 30. a3 R4b6 31. e5 h5 32. Rc5 Rb5 33. Rxb5 cxb5 34. Ne3 Be6 35. Rc2 b4 36. Rc5 bxa3 37. bxa3 Rb3 38. Nxd5+ Bxd5 39. Rxd5 Rxa3 40. Ra5 Ke6 41. Kf2 g5 42. f4 Kf5 43. Rxa7 Ra2+ 44. Kf1 Rd2 45. Rxf7+ Ke6 46. Rf6+ Ke7 47. Ra6 Rxd4 48. f5 Re4 49. Ra7+ Kf8 50. e6 g4 51. Kf2 Ke8 52. Kf1 1/2-1/2

[Event "DSOL 04 Liga Gr-B 1st"]
[Site "Playchess.com INT"]
[Date "2020.07.13"]
[Round "4.1"]
[White "Schmidt, Alexander"]
[Black "Plaettner, Stefan"]
[Result "1-0"]
[WhiteElo "1892"]
[BlackElo "1909"]
[PlyCount "85"]
[EventDate "2020.06.22"]
[EventType "team-tourn (rapid)"]
[EventCountry "GER"]
[SourceTitle "EXT 2021"]
[Source "ChessBase"]
[SourceDate "2020.10.23"]
[SourceVersion "1"]
[SourceVersionDate "2020.10.23"]
[SourceQuality "1"]
[WhiteTeam "Aachen Tigerli"]
[BlackTeam "Grossroehrsdorf"]
[WhiteTeamCountry "GER"]
[BlackTeamCountry "GER"]

1. Nc3 d6 2. f4 Nf6 3. e3 c6 4. Nf3 Nbd7 5. b3 e5 6. Bb2 Qc7 7. fxe5 dxe5 8. Be2 Be7 9. 0-0 0-0 10. Qe1 Bd6 11. Ng5 h6 12. Nge4 Nxe4 13. Nxe4 Be7 14. Qg3 a6 15. Rf5 b5 16. Raf1 f6 17. Rh5 Kh8 18. Qg6 Nc5 19. Nxc5 Bxc5 20. Bd3 f5 21. Bxf5 Bxf5 22. Rhxf5 Rxf5 23. Rxf5 Ra7 24. Bxe5 Qd7 25. d4 Ba3 26. Qxh6+ Kg8 27. Qg6 Ra8 28. h4 Re8 29. h5 Re6 30. Qg4 Bf8 31. Rg5 Re7 32. Qh4 Kh7 33. Qe4+ Kg8 34. h6 Rf7 35. Qg6 a5 36. Bxg7 Bxg7 37. Qxg7+ Rxg7 38. Rxg7+ Qxg7 39. hxg7 Kxg7 40. Kf2 Kf6 41. Kf3 Kf5 42. e4+ Kg5 43. e5 1-0

[Event "Oberliga Nord W 1718"]
[Site "Germany"]
[Date "2017.10.08"]
[Round "1.3"]
[White "Schmidt, Alexander"]
[Black "Stock, Joerg"]
[Result "0-1"]
[WhiteElo "2115"]
[BlackElo "2203"]
[PlyCount "112"]
[EventDate "2017.10.08"]
[EventType "team-tourn"]
[EventRounds "9"]
[EventCountry "GER"]
[SourceTitle "EXT 2019"]
[Source "ChessBase"]
[SourceDate "2018.10.10"]
[SourceVersion "1"]
[SourceVersionDate "2018.10.10"]
[SourceQuality "1"]
[WhiteTeam "Goettingen Tempo"]
[BlackTeam "Hellern"]
[WhiteTeamCountry "GER"]
[BlackTeamCountry "GER"]

1. e4 c5 2. Nf3 e6 3. d4 cxd4 4. Nxd4 a6 5. c4 Nf6 6. Nc3 Qc7 7. Bd3 Nc6 8. Nxc6 dxc6 9. 0-0 e5 10. Qc2 Bc5 11. Rb1 a5 12. Na4 Bd4 13. c5 Be6 14. b3 0-0 15. Qe2 Qe7 16. Be3 Rfd8 17. Rfd1 Bxe3 18. Qxe3 Rd4 19. f3 Nd7 20. Rbc1 Rd8 21. Be2 Nf8 22. g3 f6 23. Qc3 Qc7 24. Nb6 Rxd1+ 25. Bxd1 Rd4 26. Be2 Qd8 27. Rc2 Nd7 28. Qxa5 Nxb6 29. cxb6 Rd1+ 30. Kg2 Rd4 31. g4 h5 32. h3 Kh7 33. Kf2 Qd7 34. Qc3 Qd8 35. Qa5 Qd7 36. Qe1 Qd8 37. Qa5 Qd7 38. Kg2 Qd8 39. Kf2 Kh6 40. Ke3 hxg4 41. hxg4 Kg6 42. Kf2 Qh8 43. Kg2 Qh6 44. Qc3 Rd8 45. Qe1 Rh8 46. Qg1 Qf4 47. Kf2 Rh2+ 48. Ke1 Qh6 49. Qc5 Qf4 50. Rc3 Rh1+ 51. Bf1 Bxg4 52. fxg4 Qxf1+ 53. Kd2 Qd1+ 54. Ke3 Rh3+ 55. Kf2 Qd2+ 56. Kg1 Rxc3 0-1

[Event "Dortmund Sparkassen op-A 44th"]
[Site "Dortmund"]
[Date "2016.07.15"]
[Round "7"]
[White "Schmidt, Alexander"]
[Black "Knudsen, Martin"]
[Result "1-0"]
[WhiteElo "2115"]
[BlackElo "2018"]
[PlyCount "77"]
[EventDate "2016.07.09"]
[EventType "swiss"]
[EventRounds "9"]
[EventCountry "GER"]
[SourceTitle "CBM 173 Extra"]
[Source "ChessBase"]
[SourceDate "2016.08.29"]
[SourceVersion "1"]
[SourceVersionDate "2016.08.29"]
[SourceQuality "1"]

1. e4 d6 2. d4 Nf6 3. f3 e5 4. Be3 exd4 5. Bxd4 Be6 6. Ne2 Nc6 7. Nbc3 Bc4 8. Nf4 Bxf1 9. Rxf1 g6 10. Be3 Bg7 11. Kf2 Qd7 12. Kg1 0-0 13. Qd2 Ne5 14. b3 b5 15. Rad1 Qc6 16. Ncd5 Nxd5 17. Nxd5 Qd7 18. Bh6 Nc6 19. Bxg7 Kxg7 20. Qd3 a6 21. c4 Ne7 22. Qc3+ f6 23. Rf2 Ra7 24. Rfd2 Nc8 25. c5 Qc6 26. Rc1 Rf7 27. Qd4 Qb7 28. c6 Qb8 29. g4 h6 30. h4 Ne7 31. Nxf6 Rxf6 32. g5 Ng8 33. gxf6+ Nxf6 34. e5 dxe5 35. Qxe5 Kf7 36. Re1 Qf8 37. Qe6+ Kg7 38. Rd7+ Kh8 39. Qxf6+ 1-0

[Event "Oberliga Nord W 1415"]
[Site "Germany"]
[Date "2015.04.12"]
[Round "9.7"]
[White "Schmidt, Alexander"]
[Black "Roehrich, Stefan"]
[Result "1-0"]
[WhiteElo "2131"]
[BlackElo "2097"]
[PlyCount "87"]
[EventDate "2014.09.22"]
[EventType "team-tourn"]
[EventRounds "9"]
[EventCountry "GER"]
[SourceTitle "EXT 2016"]
[Source "ChessBase"]
[SourceDate "2015.10.08"]
[SourceVersion "1"]
[SourceVersionDate "2015.10.08"]
[SourceQuality "1"]
[WhiteTeam "Goettingen Tempo"]
[BlackTeam "Hellern"]
[WhiteTeamCountry "GER"]
[BlackTeamCountry "GER"]

1. e4 Nc6 2. Nc3 Nf6 3. d4 d6 4. Nf3 Bg4 5. Be3 e5 6. d5 Nb8 7. Be2 Be7 8. h3 Bxf3 9. Bxf3 0-0 10. Qd2 c5 11. g4 Nbd7 12. g5 Ne8 13. Bg4 Nb6 14. b3 a5 15. Kf1 a4 16. Kg2 axb3 17. axb3 Rxa1 18. Rxa1 Nc7 19. h4 Qe8 20. Ne2 Nb5 21. c3 Nc7 22. Ng3 Qb5 23. Nf5 Re8 24. Qc2 Nc8 25. c4 Qb6 26. b4 Na6 27. b5 Nb8 28. Ra8 Qc7 29. Bd2 b6 30. Qa2 Bf8 31. Ng3 Nd7 32. Qa6 Nb8 33. Qa3 Nd7 34. Qf3 g6 35. Bh3 Qb7 36. Ra3 Bg7 37. Qg4 Nf8 38. Ra6 Ne7 39. Qd1 Ra8 40. Qa4 Rxa6 41. bxa6 Qa7 42. Ne2 f5 43. gxf6 Bxf6 44. Nc3 1-0

[Event "Mecklenburg VP-ch U16"]
[Site "Malchow"]
[Date "2015.02.??"]
[Round "7.9"]
[White "Fromm, Johannes"]
[Black "Schmidt, Alexander"]
[Result "1/2-1/2"]
[WhiteElo "1454"]
[BlackElo "1399"]
[PlyCount "31"]
[EventDate "2015.02.04"]
[EventType "swiss"]
[EventRounds "7"]
[EventCountry "GER"]
[SourceTitle "EXT 2022"]
[Source "ChessBase"]
[SourceDate "2021.10.06"]
[SourceVersion "1"]
[SourceVersionDate "2021.10.06"]
[SourceQuality "1"]

1. c4 e5 2. Nc3 Nf6 3. g3 d5 4. cxd5 Nxd5 5. Bg2 Nb6 6. Nf3 Nc6 7. d3 Bd6 8. 0-0 0-0 9. a3 a6 10. Re1 Bg4 11. Ne4 Kh8 12. Nxd6 Qxd6 13. Qb3 Bxf3 14. Bxf3 Nd4 15. Qc3 Nxf3+ 16. exf3 1/2-1/2

[Event "Verbandsliga Sued Baden 1314"]
[Site "Germany"]
[Date "2014.02.16"]
[Round "6.3"]
[White "Schmidt, Alexander"]
[Black "Schwierskott, Marc"]
[Result "0-1"]
[WhiteElo "2131"]
[BlackElo "2224"]
[PlyCount "50"]
[EventDate "2013.10.20"]
[EventType "team-tourn"]
[EventRounds "9"]
[EventCountry "GER"]
[SourceTitle "EXT 2015"]
[Source "ChessBase"]
[SourceDate "2014.11.20"]
[SourceVersion "1"]
[SourceVersionDate "2014.11.20"]
[SourceQuality "1"]
[WhiteTeam "Lahr"]
[BlackTeam "Brombach"]
[WhiteTeamCountry "GER"]
[BlackTeamCountry "GER"]

1. Nf3 d5 2. g3 e6 3. Bg2 c5 4. 0-0 Nc6 5. d4 Nf6 6. c4 dxc4 7. Na3 cxd4 8. Nxc4 Be7 9. a3 0-0 10. b4 d3 11. Qxd3 Qxd3 12. exd3 Rd8 13. Bb2 Rxd3 14. b5 Nb8 15. Nd4 Nbd7 16. Rfe1 Bc5 17. Rad1 Rxd1 18. Rxd1 Kf8 19. Nb3 Be7 20. Nd6 Nd5 21. Bxd5 exd5 22. Rxd5 Nb6 23. Rd3 Bxd6 24. Rxd6 Nc4 25. Rd8+ Ke7 0-1

[Event "Erfurt op MT 23rd"]
[Site "Erfurt"]
[Date "2013.12.27"]
[Round "3"]
[White "Seger, Ruediger"]
[Black "Schmidt, Alexander"]
[Result "1-0"]
[WhiteElo "2374"]
[BlackElo "2107"]
[PlyCount "85"]
[EventDate "2013.12.26"]
[EventType "swiss"]
[EventRounds "8"]
[EventCountry "GER"]
[SourceTitle "EXT 2016"]
[Source "ChessBase"]
[SourceDate "2015.10.08"]
[SourceVersion "1"]
[SourceVersionDate "2015.10.08"]
[SourceQuality "1"]

1. e4 c5 2. c3 b6 3. Nf3 Bb7 4. Bd3 g6 5. 0-0 Bg7 6. Re1 Nc6 7. Bf1 d6 8. d4 Qc7 9. d5 Ne5 10. Nxe5 dxe5 11. Qa4+ Kf8 12. c4 Nf6 13. Nd2 h6 14. b4 Nd7 15. Nb3 Bf6 16. g3 Kg7 17. Bh3 e6 18. dxe6 fxe6 19. Bxe6 Bc6 20. Qa3 cxb4 21. Qxb4 a5 22. Qc3 a4 23. Nd2 Nc5 24. Bd5 Rad8 25. Rb1 Bd7 26. Bb2 g5 27. f4 gxf4 28. gxf4 Kh7 29. Kh1 Rhf8 30. f5 Be8 31. Rg1 b5 32. cxb5 Rxd5 33. exd5 Bf7 34. Rg3 Bxd5+ 35. Kg1 Ba8 36. Rc1 Qb7 37. Qf3 Qb6 38. Nc4 Qxb5 39. Qh5 Qe8 40. Qxe8 Rxe8 41. Nd6 Rd8 42. Rxc5 Rxd6 43. Rc7+ 1-0

[Event "Vellmar op-A 5th"]
[Site "Vellmar"]
[Date "2013.07.25"]
[Round "1"]
[White "Schmidt, Alexander"]
[Black "Lechnauer, Uwe"]
[Result "1-0"]
[WhiteElo "2120"]
[BlackElo "1883"]
[PlyCount "69"]
[EventDate "2013.07.25"]
[EventType "swiss"]
[EventRounds "7"]
[EventCountry "GER"]
[SourceTitle "EXT 2015"]
[Source "ChessBase"]
[SourceDate "2014.11.20"]
[SourceVersion "1"]
[SourceVersionDate "2014.11.20"]
[SourceQuality "1"]

1. e4 e5 2. Nf3 Nc6 3. Bb5 Nf6 4. d3 Ne7 5. Nxe5 c6 6. Nxf7 Kxf7 7. Bc4+ d5 8. Bb3 Be6 9. e5 Nd7 10. d4 Ke8 11. 0-0 Nf5 12. c3 Be7 13. g4 Nh4 14. f4 g6 15. Bc2 Rg8 16. Kh1 Nb6 17. f5 gxf5 18. gxf5 Bf7 19. e6 Bxe6 20. fxe6 Qd6 21. Qh5+ Kd8 22. Qe5 Rg2 23. Bd3 Kc7 24. Bf4 Rag8 25. Nd2 Rxd2 26. Bxd2 Nc4 27. Bxc4 dxc4 28. Rae1 Qxe5 29. dxe5 Rg6 30. Re4 b5 31. Rf7 Kd8 32. Rxe7 Nf3 33. Rd7+ Ke8 34. Be3 Rxe6 35. Rxa7 1-0